[Event "Quebec op"]
[Site "Montreal"]
[Date "1991.07.31"]
[Round "5"]
[White "Hergott, Deen"]
[Black "Teuton, Frank"]
[Result "1-0"]
[WhiteElo "2309"]
[BlackElo "2144"]
[PlyCount "109"]
[EventDate "1991.07.27"]
[EventType "swiss"]
[EventRounds "8"]
[EventCountry "CAN"]
[SourceTitle "EXT 2022"]
[Source "ChessBase"]
[SourceDate "2021.10.06"]
[SourceVersion "1"]
[SourceVersionDate "2021.10.06"]
[SourceQuality "1"]

1. Nf3 g6 2. d4 Bg7 3. e4 c6 4. c4 Na6 5. Nc3 Nc7 6. Bf4 d6 7. h3 Nf6 8. Be2 0-0 9. 0-0 h6 10. Qd2 g5 11. Bh2 g4 12. hxg4 Nxg4 13. Bg3 Ne6 14. Rad1 Kh8 15. e5 dxe5 16. Nxe5 Nf6 17. Qe3 Nc7 18. Bf4 Ng8 19. Bh5 Be6 20. d5 cxd5 21. cxd5 Nxd5 22. Nxd5 Bxd5 23. Bxf7 Bxf7 24. Rxd8 Raxd8 25. Nxf7+ Rxf7 26. Be5 b6 27. Bxg7+ Rxg7 28. Rc1 Kh7 29. Qe4+ Kh8 30. Qe3 Kh7 31. g3 Nf6 32. Rc7 Rd1+ 33. Kg2 e5 34. Rc6 Ng8 35. Qe4+ Kh8 36. Qxe5 Rdd7 37. Qe8 Kh7 38. Qe4+ Kh8 39. Qe5 Rde7 40. Qc3 Kh7 41. Qd3+ Kh8 42. f4 Ref7 43. Kf3 Rf6 44. Rxf6 Nxf6 45. Qd8+ Ng8 46. Qf8 Rc7 47. f5 Rc6 48. Qf7 a5 49. Qd7 Rf6 50. Kf4 h5 51. Kg5 Rh6 52. Qd4+ Kh7 53. Qd7+ Kh8 54. Qd4+ Kh7 55. a4 1-0